000
00308nam a22001337a 4500
008
181029b xxu||||| |||| 00| 0 eng d
020
_a
0872077853
041
_a
eng
080
_2
3rd
_a
004
100
_a
28
101
_a
SHK
245
_a
Computer Applications in Reading
_c
Blanchard,J.S
942
_2
udc
_c
BK
999
_c
51044
_d
51044